Amelia bedelia goes camping / (Record no. 4569)

MARC details
000 -LEADER
fixed length control field 00967nam a22003017a 4500
001 - CONTROL NUMBER
control field 4569
003 - CONTROL NUMBER IDENTIFIER
control field FISKH
005 - DATE AND TIME OF LATEST TRANSACTION
control field 20250826103952.0
008 - FIXED-LENGTH DATA ELEMENTS--GENERAL INFORMATION
fixed length control field 240917b cb ||||| |||| 00| 0 eng d
020 ## - INTERNATIONAL STANDARD BOOK NUMBER
International Standard Book Number 0380700670
040 ## - CATALOGING SOURCE
Original cataloging agency FISKH
Language of cataloging eng
Transcribing agency FISKH
Modifying agency FISKH
050 ## - LIBRARY OF CONGRESS CALL NUMBER
Classification number PR6029.R8
082 ## - DEWEY DECIMAL CLASSIFICATION NUMBER
Edition number 823.912
100 ## - MAIN ENTRY--PERSONAL NAME
Personal name Parish, Peggy
Dates associated with a name (1927–1988)
245 ## - TITLE STATEMENT
Title Amelia bedelia goes camping /
Statement of responsibility, etc. By Peggy Parish Pictures by Lynn Sweat
250 ## - EDITION STATEMENT
Edition statement First printing in 1986
260 ## - PUBLICATION, DISTRIBUTION, ETC.
Place of publication, distribution, etc. New York :
Name of publisher, distributor, etc. Avon Camelot,
Date of publication, distribution, etc. 1986.
300 ## - PHYSICAL DESCRIPTION
Extent 60 pages :
Other physical details color illustrations ;
Dimensions 20cm
505 ## - FORMATTED CONTENTS NOTE
Formatted contents note G<br/>
520 ## - SUMMARY, ETC.
Summary, etc. As always, Amelia Bedelia follows exactly the instructions given to her on a camping trip, including pitching a tent and rowing boats.
521 8# - TARGET AUDIENCE NOTE
Target audience note 380<br/><br/>
Source Lexile<br/>
521 8# - TARGET AUDIENCE NOTE
Target audience note G<br/>
Source Raz-Plus<br/>
650 ## - SUBJECT ADDED ENTRY--TOPICAL TERM
Source of heading or term Early reader
Topical term or geographic name entry element Picture book
650 ## - SUBJECT ADDED ENTRY--TOPICAL TERM
Source of heading or term Camping
Topical term or geographic name entry element Funny
700 ## - ADDED ENTRY--PERSONAL NAME
Personal name Sweat, Lynn
Dates associated with a name Illustrator ;
942 ## - ADDED ENTRY ELEMENTS (KOHA)
Source of classification or shelving scheme Dewey Decimal Classification
Koha item type Books
Suppress in OPAC No
Holdings
Withdrawn status Lost status Source of classification or shelving scheme Damaged status Not for loan Collection Home library Current library Shelving location Date acquired Total Checkouts Full call number Barcode Date last seen Copy number Price effective from Koha item type
    Dewey Decimal Classification     Juvenile Fiction Footprints International School Library Network Toul Tom Poung Campus Footprints International School Library Network Toul Tom Poung Campus TTP Primary Dark Blue Bookshelves 09/17/2024   PAR 303 PZ7.P219 2024-1977 09/17/2024 1 09/17/2024 Books
    Dewey Decimal Classification     Juvenile Fiction Footprints International School Library Network Toul Tom Poung Campus Footprints International School Library Network Toul Tom Poung Campus TTP Primary Dark Blue Bookshelves 08/26/2025   PAR 303 PZ7.P219 FISBK05347 08/26/2025 2 08/26/2025 Books